Loading...

Sex and temperament In three primitive societies /

Bibliographic Details
Main Author: Mead, Margaret
Language:Undetermined
Published: American Museum of Natural History , 1963.
LEADER 00482nam a2200133Ia 4500
001 116305
008 170722s9999 xx 000 0 und d
100 |a Mead, Margaret 
245 |a Sex and temperament  |b In three primitive societies / 
260 |b American Museum of Natural History ,  |c 1963. 
300 |a Ppxiv+336  |c 21cms 
942 |c GEN 
999 |c 160288  |d 160288 
952 |0 0  |1 0  |4 0  |6 Y_7933_000000000000000_K31_RV  |7 0  |9 224089  |a LIB  |b LIB  |d 2017-08-12  |o Y7933 K31 (RV)  |p G14732  |r 2017-08-12  |w 2017-08-12  |y GEN